书目信息 |
| 题名: |
文衡.2009卷
|
|
| 作者: | 张寅彭 主编 | |
| 分册: | ||
| 出版信息: | 上海 上海大学出版社 2010.07 |
|
| 页数: | 366页 | |
| 开本: | 23cm | |
| 丛书名: | ||
| 单 册: | ||
| 中图分类: | I06 | |
| 科图分类: | ||
| 主题词: | 文学研究--文集 | |
| 电子资源: | ||
| ISBN: | 978-7-81118-638-3 | |
| 000 | 00743nam0 2200229 450 | |
| 001 | 012010625153 | |
| 005 | 20111223154837.82 | |
| 010 | @a978-7-81118-638-3@dCNY58.00 | |
| 100 | @a20110507d2010 em y0chiy0110 ea | |
| 101 | 0 | @achi |
| 102 | @aCN@b310000 | |
| 105 | @ay z 000yy | |
| 200 | 1 | @a文衡.2009卷@Awen heng.2009 juan@f张寅彭主编@Fzhang yin peng zhu bian |
| 210 | @a上海@c上海大学出版社@d2010.07 | |
| 215 | @a366页@d23cm | |
| 300 | @a上海市中文本科教育高地项目资助出版 | |
| 330 | @a本书内容分:清民文史研究、读书会、科研项目成果示例、文学与文化、文献、讲台。 | |
| 606 | 0 | @a文学研究@j文集 |
| 690 | @aI06@v4 | |
| 701 | 0 | @a张寅彭@Azhang yin peng@4主编 |
| 801 | 0 | @aCN@bZZRC@c20111223 |
| 905 | @a郑州市财税学校图书馆@dI06@eZ230@f3 | |
| 文衡.2009卷/张寅彭主编.-上海:上海大学出版社,2010.07 |
| 366页;23cm |
| 上海市中文本科教育高地项目资助出版 |
| ISBN 978-7-81118-638-3:CNY58.00 |
| 本书内容分:清民文史研究、读书会、科研项目成果示例、文学与文化、文献、讲台。 |
| ● |
| 相关链接 |
|
|
|
正题名:文衡.2009卷
索取号:I06/Z230
 
预约/预借
| 序号 | 登录号 | 条形码 | 馆藏地/架位号 | 状态 | 备注 |
| 1 | 1064864 | 210648646 | 社科二线400B/400B社科库 18排1列1层/ [索取号:I06/Z230] | 在馆 | |
| 2 | 1064865 | 210648655 | 文学库108/108文学库 1排5列2层/ [索取号:I06/Z230] | 在馆 | |
| 3 | 1064866 | 210648664 | 文学库108/108文学库 1排5列2层/ [索取号:I06/Z230] | 在馆 |